00290nam a2200121Ia 4500008004100000100001400041245002000055260003400075300000800109650002700117942000700144999001700151190216s9999||||xx |||||||||||||| ||und|| aStevenson 0aTreasure Island bOxford University Pressc1967 a254 aMiscellanious Writting cBK c11640d11640